Hilal July-2010 (Record no. 197604)
[ view plain ]
| 000 -LEADER | |
|---|---|
| fixed length control field | 00829 a2200169 4500 |
| 003 - CONTROL NUMBER IDENTIFIER | |
| control field | Nust |
| 005 - DATE AND TIME OF LATEST TRANSACTION | |
| control field | 20170207154430.0 |
| 040 ## - CATALOGING SOURCE | |
| Transcribing agency | Nust |
| 082 ## - DEWEY DECIMAL CLASSIFICATION NUMBER | |
| Classification number | 050 |
| 100 ## - MAIN ENTRY--PERSONAL NAME | |
| Personal name | Maj Gen Athar Abbas,HI(M) |
| 245 ## - TITLE STATEMENT | |
| Title | Hilal July-2010 |
| Statement of responsibility, etc. | Maj Gen Athar Abbas,HI(M) |
| 260 ## - PUBLICATION, DISTRIBUTION, ETC. | |
| Place of publication, distribution, etc. | Rawalpindi,Pakistan |
| Name of publisher, distributor, etc. | ISPR Dte |
| Date of publication, distribution, etc. | Hilal July-2010 |
| 300 ## - PHYSICAL DESCRIPTION | |
| Extent | English-44 & Urdu-51p; |
| 505 ## - FORMATTED CONTENTS NOTE | |
| Formatted contents note | From the Editor’s desk (Page-3) Calendar September 2010 (page-4) Food for Though (Page-5) Scourge of Terrorism (Page-9) Future Maps (Page-17) Serious Notes (Page-19) Current Issues (Page-21) Why Don’t We Learn from History? (Page-24) Book Corner (Page-27) Valiant Heroes (Page-29) Health Watch (Page-30) Miscellanea (Page-31) News and Updates (Page-37) picture Gallery (Page-40) |
| 538 ## - SYSTEM DETAILS NOTE | |
| System details note | Almirah No.137 Shelf No.5 |
| 651 ## - SUBJECT ADDED ENTRY--GEOGRAPHIC NAME | |
| Geographic name | Pakistan Armed Forces Magazine |
| 942 ## - ADDED ENTRY ELEMENTS (KOHA) | |
| Koha item type | |
| Withdrawn status | Lost status | Source of classification or shelving scheme | Damaged status | Not for loan | Collection code | Permanent Location | Current Location | Date acquired | Total Checkouts | Full call number | Barcode | Date last seen | Price effective from | Koha item type |
|---|---|---|---|---|---|---|---|---|---|---|---|---|---|---|
| Military College of Signals (MCS) | Military College of Signals (MCS) | 12/12/2016 | 050 ABB | MCSP-32/36 | 12/08/2016 | 12/12/2016 | Book |
